Meilleurs sons de Koba LaD - Statistiques

Statistiques générales
  • Ce quiz a été pris 1 347 fois
    642 depuis la dernière actualisation
  • Le résultat moyen est 7 sur 15
Statistiques - réponses
Rang Titres Streams % Correct
10 La C 44,2M
89%
2 RR 9.1 (ft. Niska) 106,6M
88%
6 Train de vie 70,3M
79%
1 Daddy chocolat (ft. Gazo) 121,3M
74%
9 Ténébreux #1 46,0M
62%
3 Coffre plein (ft. Maes, Zed) 88,0M
57%
12 Marie 40,0M
56%
4 Doudou (ft. Naps) 85,6M
48%
7 Temps en temps (ft. Zola) 62,6M
45%
11 Matin (ft. Maes) 43,2M
43%
15 7 sur 7 (ft. Freeze Corleone) 34,5M
32%
8 Quotidien (ft. Ninho) 49,8M
31%
14 Binks (ft. 100 Blaze) 36,7M
16%
13 La vivance (ft. Ninho) 37,2M
16%
5 Le classico organisé (ft. PLK, Gazo, SCH, Jul, Naps, Guy2bezbar, Kofs, Soso Maness) 70,7M
11%
Aucun quiz correspondant
Distribution des résultats
% des personnes avec chaque résultat
Percentile par nombre de réponses
Votre historique - résultats
Vous n’avez pas pris ce quiz depuis la dernière actualisation